000
00267nam a22001217a 4500
003
SGT
082
_a
615
_b
P15M
100
_a
MAITI,RITUPARNA
245
_a
POST GRADUATE TOPICS IN PHARMACOLOGY
250
_a
2ND
260
_a
DELHI
_b
PARAS MEDICAL
_c
2015
942
_2
ddc
_c
BK
999
_c
8492
_d
8492